000 00604nam a2200181Ia 4500
008 151018s9999 xx 000 0 und d
082 _bRBASDV37660
_a920
100 _aराजमोहन पिल्लई
245 _aएक हकनाक बळी
250 _b1
260 _bचिनार पब्लिशिएस पुणे
_c2002
300 _a171
600 _aराजमोहन पिल्लई
630 _aएक हकनाक बळी
700 _aराजमोहन पिल्लई
730 _aएक हकनाक बळी
942 _cBOOK
999 _c1037078
_d1037075